[Event "SVK-ch 1st G1 email"]
[Site "Slovakia"]
[Date "2001.??.??"]
[Round "?"]
[White "Kulcar, Ladislav"]
[Black "Mikola, Jan"]
[Result "0-1"]
[WhiteElo "1600"]
[BlackElo "1600"]
[PlyCount "76"]
[EventDate "2001.11.05"]
[EventType "tourn (corr)"]
[EventRounds "6"]
[EventCountry "SVK"]
[SourceTitle "Corr 2002"]
[Source "ChessBase"]
[SourceDate "2002.05.23"]
[SourceVersion "1"]
[SourceVersionDate "2002.05.23"]
[SourceQuality "1"]

1. g3 e5 2. c3 d5 3. d4 Nc6 4. f3 Nf6 5. e3 Bd6 6. Bg2 e4 7. fxe4 Nxe4 8. Nd2 Bf5 9. Nxe4 dxe4 10. Nh3 Qe7 11. Nf2 0-0-0 12. 0-0 h5 13. Qc2 Rde8 14. c4 Nb4 15. Qe2 c6 16. a3 Nd3 17. b4 h4 18. Nxd3 exd3 19. Qf3 Be4 20. Qxe4 Qxe4 21. Bxe4 Rxe4 22. c5 Bc7 23. Rxf7 Rg4 24. Kg2 hxg3 25. Rxc7+ Kxc7 26. hxg3 Kd7 27. a4 Ke6 28. Ra3 Rh6 29. Rxd3 Rhg6 30. Kf2 Rxg3 31. Rd1 Kd5 32. Rh1 Ke4 33. Rh2 Kd3 34. Rh1 Rg2+ 35. Kf3 Rg1 36. Rxg1 Rxg1 37. Ba3 Rf1+ 38. Kg3 Ra1 0-1

[Event "SVK-ch 1st G1 email"]
[Site "Slovakia"]
[Date "2001.??.??"]
[Round "?"]
[White "Mikola, Jan"]
[Black "Miskovec, Slavomir"]
[Result "1-0"]
[WhiteElo "1600"]
[BlackElo "1759"]
[PlyCount "25"]
[EventDate "2001.11.05"]
[EventType "tourn (corr)"]
[EventRounds "6"]
[EventCountry "SVK"]
[SourceTitle "Corr 2002"]
[Source "ChessBase"]
[SourceDate "2002.05.23"]
[SourceVersion "1"]
[SourceVersionDate "2002.05.23"]
[SourceQuality "1"]

1. e4 e5 2. Nf3 Nc6 3. d4 exd4 4. Nxd4 Bc5 5. Nb3 Bb4+ 6. c3 Be7 7. Bf4 d6 8. Be2 Nf6 9. Qc2 Be6 10. N1d2 Ng4 11. Nd4 Nxd4 12. cxd4 0-0 13. h3 1-0